000 01147nam a2200277 a 4500
001 79437
003 BD-RjUL
005 20220511151110.0
008 220222s2007eng |||a|||| m||| 00| 0 eng d
035 _a(BD-RjUL)79437
040 _aBD-RjUL
_beng
_cBD-RjUL
_dBD-RjUL
041 _aeng
082 _a332.123
_bCHE 2007
_223
100 _aChowdhury, Mohd. Mozmmel Hossain
_91520
245 0 1 _aEffect of Human Resource Management on the Performance of Private Sector Commercial Banks in Bangladesh :
_bA Study on National Bank Limited /
_cMohd. Mozammel Hossain Chowdhury ;
_6Supervisor: M. Zainul Abedin
260 _aRajshahi :
_bInstitute of Bangladesh Studies Rajshahi, University Rajshahi,
_c2007
300 _axxiv, 298 Leaves :
_bill. ;
_c29 cm.
502 _aThesis (Ph. D.) -- Institute of Bangladesh Studies, Rajshahi University, 2007
504 _aBibliography : Leaves [276]-286
600 _z ,
650 _aBanks and banking
_xPersonnel management
_92934
650 _aHuman Resource Management
_92935
650 _aPrivate Commercial Bank
_zBangladesh
_92936
700 _aAbedin, M. Zainul, Supervisor
_91323
942 _2ddc
_cTHE
999 _c79437
_d79437